000 00568nam a2200229Ia 4500
003 OSt
005 20220918174728.0
006 a|||||r|||| 00| 0
007 ta
008 220917b |||||||| |||| 00| 0 eng d
024 _a13,810
037 _cTextual
040 _aARTS
_cARTS
_beng
041 _2eng
_aeng
082 _aN1:15:Z73y7, J9 ZD
100 _aHaar Charles M.
_951528
245 0 _aLand use planning
260 _c1959
650 _aARTS
942 _hN1:15:Z73y7, J9 ZD
_cTEXL
_2CC
999 _c154414
_d154414